The Mongols: A Very Short Introduction

Бібліографічні деталі
Автор: Morris Rossabi
Формат: Невідомо
LEADER 00197 a2200085 4500
020 |a 9780199840892 
100 |a Morris Rossabi  |9 60344 
245 |a The Mongols: A Very Short Introduction 
942 |c BK 
999 |c 47742  |d 47742